Words Ending in "ee" - Statistics

General Stats
  • This quiz has been taken 58,248 times
    18,440 since last reset
  • The average score is 13 of 20
Answer Stats
Definition Word % Correct
Currency of India Rupee
94%
Humanity's nearest living relative Chimpanzee
93%
Caffeinated beverage made from beans Coffee
91%
Woman who is no longer married Divorcee
86%
One who has had a limb removed Amputee
83%
One who no longer works Retiree
82%
One who breaks out of prison Escapee
78%
Mammal sometimes called a "sea cow" Manatee
78%
One who flees their country to escape war, persecution, or disaster Refugee
78%
One who is not present Absentee
77%
Conical tent dwelling once used on the Great Plains of North America Teepee
66%
Afternoon movie showing Matinee
63%
Wailing Irish spirit Banshee
62%
Anniversary of a monarch's reign Jubilee
58%
To supervise Oversee
54%
An evening party, often a fancy one Soiree
52%
River embankment built to prevent flooding Levee
51%
Edict Decree
34%
History of breeding Pedigree
28%
The most distant point of orbit Apogee
24%
No matching quizzes found
Score Distribution
Percent of People with Each Score
Percentile by Number Answered
Your Score History
You have not taken this quiz since the last reset